000
00306nam a22001337a 4500
008
170608b xxu||||| |||| 00| 0 eng d
020
_a
9781603740388
041
_a
eng
080
_a
94(7/8)
100
_a
18
101
_a
SHH
245
_a
AS AMERICA HAS DONE TO ISRAEL
_c
MCTERNAN, J.P
942
_2
udc
_c
BK
999
_c
16433
_d
16433